000 00404nam a22001697a 4500
005 20250812120156.0
008 250812b |||||||| |||| 00| 0 eng d
020 _a9789369896448
041 _aEng
082 _a954 SAN
100 _aSanghi, Ashwin
245 _aThe Ayodhya Alliance
260 _aGurugram
_bHapper Collions
300 _a538;. p. 22 cm
650 _aHistory; Fiction
942 _cBK
999 _c46460
_d46460